• 首页
  • 本馆介绍
  • 公告通知
  • 最新文献
  • 馆藏检索
  • 电子资源
  • 读者导购
  • 参考咨询
  • 我的图书馆
  • 登录
  • 详细信息显示
  • 放入我的书架
  • 预约/预借图书
  • 作者相关作品
  • 分类相关作品
  • 丛书相关作品
  • 出版社相关作品

书目信息

  • 表格格式
  • 工作单格式
  • 卡片格式
题名:
维修电工工艺学
    
 
作者: 方锡祚 编
分册:  
出版信息: 北京   科学普及出版社  1984
页数: 384页
开本: 25cm
丛书名:
单 册:
中图分类: TM07
科图分类:
主题词: 电工--保养 , 电工--维修
电子资源:
ISBN:
000 00734nam0 2200265 45
001 0184016597
005 20040521091432.8
010    @dCNY2.95
091    @a15051.1102
100    @a19950408d1984 em y0chiy0121 ea
101 0  @achi
102    @aCN@b110000
105    @ay z 000yy
106    @ar
200 10 @a维修电工工艺学@Awei xiu dian gong gong yi xue@e中级本@f方锡祚编
210    @a北京@c科学普及出版社@d1984
215    @a384页@d25cm
300    @a中华人民共和国机械工业部统编 机械工人技术培训教材
606 0  @a电工@x保养
606 0  @a电工@x维修
690    @aTM07
701  0 @a方锡祚@Afang xi zuo@4编
801  0 @aCN@b上海图书馆@c20040521
801  2 @aCN@bNLC@c20040521
905    @f1@b119156@dTM07@e4@b119153-154@f2
    
    维修电工工艺学:中级本/方锡祚编.-北京:科学普及出版社,1984
    384页;25cm
    中华人民共和国机械工业部统编 机械工人技术培训教材
    
    ISBN :CNY2.95
    
●
相关链接 在E读中查询图书 在五车中查询图书 在当当中查询图书 在豆瓣中查询图书


正题名:维修电工工艺学     索取号:TM07/4         预约/预借

序号 登录号 条形码 馆藏地/架位号 状态 备注
1 0119153   000799050   第三借阅区/ [索取号:TM07/4] 在馆    
2 0119154   000799014   第三借阅区/ [索取号:TM07/4] 在馆    
3 0119156   000798747   第三借阅区/ [索取号:TM07/4] 在馆    
4 0119157   000798970   第二样本阅览室/ [索取号:TM07/4] 在馆    
唐山师范学院图书馆 欢迎您!
大连网信软件有限公司© 版权所有